Olympic Country Codes - Statistics

General Stats
  • This quiz has been taken 67 times
  • The average score is 134 of 206
Answer Stats
Continent Country IOC Code % Correct
Africa Algeria ALG
100%
Africa Angola ANG
100%
Africa Benin BEN
100%
Africa Botswana BOT
100%
Asia Cambodia CAM
100%
Oceania Australia AUS
98%
Africa Chad CHA
98%
Europe Albania ALB
95%
Africa Burkina Faso BUR
95%
Africa Comoros COM
95%
Asia Philippines PHI
95%
Europe Andorra AND
93%
Europe Belgium BEL
93%
Europe Bulgaria BUL
93%
Europe Croatia CRO
93%
Europe Estonia EST
93%
Africa Ghana GHA
93%
Europe Monaco MON
93%
Europe Finland FIN
90%
Europe France FRA
90%
Europe Latvia LAT
90%
North America Bahamas BAH
88%
North America Canada CAN
88%
Europe Czech Republic CZE
88%
Europe Denmark DEN
88%
Africa Djibouti DJI
88%
Africa Ethiopia ETH
88%
Europe Germany GER
88%
Europe Greece GRE
88%
Europe Hungary HUN
88%
Europe Italy ITA
85%
Europe Kosovo KOS
85%
Europe Luxembourg LUX
85%
Europe Norway NOR
85%
Europe Poland POL
85%
Europe Portugal POR
85%
Europe Sweden SWE
85%
Africa Eritrea ERI
83%
Europe Great Britain GBR
83%
North America Guatemala GUA
83%
Asia India IND
83%
Europe Slovenia SLO
83%
South America Chile CHI
80%
Africa Egypt EGY
80%
Europe Spain ESP
80%
Europe Liechtenstein LIE
80%
Europe Russia RUS
80%
Africa Senegal SEN
80%
Europe Austria AUT
78%
North America Barbados BAR
78%
North America Bermuda BER
78%
Asia Bhutan BHU
78%
North America Cuba CUB
78%
North America Dominican Republic DOM
78%
Africa Gabon GAB
78%
Africa Guinea GUI
78%
North America Haiti HAI
78%
Asia Japan JPN
78%
North America Mexico MEX
78%
Africa Rwanda RWA
78%
Africa Somalia SOM
78%
Africa Togo TOG
78%
Europe Ukraine UKR
78%
Asia Afghanistan AFG
75%
Asia Armenia ARM
75%
North America Aruba ARU
75%
Asia Azerbaijan AZE
75%
South America Brazil BRA
75%
Africa The Gambia GAM
75%
Africa Kenya KEN
75%
Asia Laos LAO
75%
Africa Niger NIG
75%
Oceania Samoa SAM
75%
South America Argentina ARG
73%
Asia Bangladesh BAN
73%
Oceania Fiji FIJ
73%
North America Honduras HON
73%
Asia Iraq IRQ
73%
North America Jamaica JAM
73%
Oceania Kiribati KIR
73%
Africa Lesotho LES
73%
Africa Morocco MAR
73%
Africa Mozambique MOZ
73%
Africa Namibia NAM
73%
Africa Sudan SUD
73%
Africa Tanzania TAN
73%
Africa Tunisia TUN
73%
Africa Uganda UGA
73%
South America Venezuela VEN
73%
Asia Vietnam VIE
73%
North America Saint Vincent and the Grenadines VIN
73%
Africa Zambia ZAM
73%
Africa Zimbabwe ZIM
73%
North America Antigua and Barbuda ANT
70%
Europe Belarus BLR
70%
South America Bolivia BOL
70%
Asia Brunei BRU
70%
Asia Cyprus CYP
70%
Asia Georgia GEO
70%
South America Guyana GUY
70%
Asia Kazakhstan KAZ
70%
Asia Kuwait KUW
70%
Africa Madagascar MAD
70%
Asia Nepal NEP
70%
North America Panama PAN
70%
South America Paraguay PAR
70%
South America Peru PER
70%
Africa Seychelles SEY
70%
Europe Serbia SRB
70%
Asia Thailand THA
70%
South America Colombia COL
68%
South America Ecuador ECU
68%
Europe Ireland IRL
68%
Asia Israel ISR
68%
Asia Jordan JOR
68%
Europe Malta MLT
68%
Asia Turkey TUR
68%
South America Uruguay URU
68%
North America United States USA
68%
Africa Cameroon CMR
65%
Africa Maldives MDV
65%
Asia Myanmar MYA
65%
Asia Oman OMA
65%
Asia Pakistan PAK
65%
Africa São Tomé and Príncipe STP
65%
Oceania Tuvalu TUV
65%
Asia Uzbekistan UZB
65%
Oceania Vanuatu VAN
65%
Asia Yemen YEM
65%
North America Cayman Islands CAY
63%
Asia China CHN
63%
Africa Cape Verde CPV
63%
Africa Mali MLI
63%
Asia Qatar QAT
63%
South America Suriname SUR
63%
Europe Slovakia SVK
63%
Asia Syria SYR
63%
Asia Bahrain BRN
60%
Asia United Arab Emirates UAE
60%
Europe Netherlands NED
58%
Asia Papua New Guinea PNG
58%
Oceania Solomon Islands SOL
58%
Africa Burundi BDI
55%
Europe Iceland ISL
55%
Africa Liberia LBR
55%
Africa Nigeria NGR
55%
Europe San Marino SMR
55%
Asia Sri Lanka SRI
55%
Oceania Federated States of Micronesia FSM
53%
Asia Lebanon LBN
53%
Africa South Africa RSA
53%
Europe Bosnia and Herzegovina BIH
50%
North America Costa Rica CRC
50%
Asia Hong Kong, China HKG
50%
Asia South Korea KOR
50%
Africa Libya LBA
50%
Asia Malaysia MAS
50%
Asia Tajikistan TJK
50%
Asia Turkmenistan TKM
50%
Oceania Cook Islands COK
48%
Oceania Guam GUM
48%
Asia Indonesia INA
48%
Africa Malawi MAW
48%
Oceania New Zealand NZL
48%
North America Puerto Rico PUR
48%
Asia Singapore SGP
48%
Africa Eswatini SWZ
48%
Oceania Tonga TGA
48%
Oceania Nauru NRU
45%
Europe Switzerland SUI
45%
North America Grenada GRN
43%
Europe Lithuania LTU
43%
Asia Mongolia MGL
43%
North America Saint Kitts and Nevis SKN
43%
Africa Republic of the Congo CGO
40%
Asia Kyrgyzstan KGZ
40%
Africa Sierra Leone SLE
40%
Africa South Sudan SSD
40%
Oceania American Samoa ASA
38%
North America Belize BIZ
38%
Africa Ivory Coast CIV
38%
Asia Saudi Arabia KSA
38%
Europe Moldova MDA
38%
Asia North Korea PRK
38%
Africa Central African Republic CAF
33%
North America El Salvador ESA
33%
Africa Guinea-Bissau GBS
33%
Africa Mauritania MTN
33%
North America Nicaragua NCA
33%
North America Dominica DMA
30%
Asia Iran IRI
30%
Europe Romania ROU
30%
Europe North Macedonia MKD
28%
Africa Mauritius MRI
28%
Asia Palestine PLE
28%
Africa Equatorial Guinea GEQ
25%
Europe Montenegro MNE
25%
Asia Chinese Taipei TPE
25%
North America Trinidad and Tobago TTO
25%
Africa Democratic Republic of the Congo COD
20%
North America Saint Lucia LCA
20%
North America Virgin Islands ISV
15%
North America British Virgin Islands IVB
15%
Oceania Marshall Islands MHL
15%
Oceania Palau PLW
15%
Asia East Timor TLS
15%
No matching quizzes found
Score Distribution
Percent of People with Each Score
Percentile by Number Answered
Your Score History
You have not taken this quiz